000 00229nam a22000857a 4500
008 160719b xxu||||| |||| 00| 0 eng d
100 _93055
_a Mohorkar, A
245 _aA Wild Elephant at Camp
260 _aMadras
_bTara Publication
_c1996
999 _c2618
_d2618